00576nam a2200205 a 4500001001300000003000900013005001700022008004100039020000900080082001800089100002300107245008100130260002500211300000900236500003500245505002400280650002400304650001900328700002300347nice12345678IN_TiNIC20260116013047.0050524s1999 lona grp 000 0 eng  ac5000a230.046bTHU3 aThumma, Anthoniraj aSprings from the Subalsternsb Patterns and Perspectives in People`s Theolog aLondon bSPCK c1999 a114p aincludes index and biblioraphy2 aBibliography, Index aLiberation-Theology aTheology-India1 aThumma, Anthoniraj